Science Quiz

Random Science or Physics Quiz

Science Mini-Minefields Quiz Stats

 Plays Quiz Updated Jun 12, 2018

Score 0/48 Timer 06:00
3 Plays Today
Hint Answer % Correct
Noble Gases???
84.1%
Noble Gases???
68.9%
Noble Gases???
68.1%
Noble Gases???
65.1%
Noble Gases???
62.5%
Kingdoms of Classification???
45.3%
Kingdoms of Classification???
44.8%
Kingdoms of Classification???
44.4%
Noble Gases???
44.2%
Noble Gases???
44.2%
Noble Gases???
44.1%
Kingdoms of Classification???
38.2%
Dwarf Planets???
37%
Atmosphere Layers???
30.2%
Kingdoms of Classification???
29.7%
Atmosphere Layers???
28.4%
Parts of the Eye???
27.9%
Parts of the Eye???
27.6%
Dwarf Planets???
25%
Parts of the Eye???
24.7%
Kingdoms of Classification???
23.4%
Kingdoms of Classification???
23.4%
Kingdoms of Classification???
23.4%
Atmosphere Layers???
23.3%
Hint Answer % Correct
Dwarf Planets???
21.3%
Elements Named After People???
21.2%
Atmosphere Layers???
21.2%
Elements Named After People???
20.7%
Atmosphere Layers???
19.4%
Elements Named After People???
16.7%
Parts of the Eye???
16.1%
Dwarf Planets???
15.8%
Dwarf Planets???
14.9%
Atmosphere Layers???
13%
Atmosphere Layers???
13%
Atmosphere Layers???
13%
Elements Named After People???
12.7%
Parts of the Eye???
12.7%
Elements Named After People???
10.6%
Dwarf Planets???
10.3%
Dwarf Planets???
10.3%
Dwarf Planets???
10.3%
Parts of the Eye???
9.2%
Parts of the Eye???
9.2%
Parts of the Eye???
9.2%
Elements Named After People???
7.4%
Elements Named After People???
7.4%
Elements Named After People???
7.4%

You're not logged in!

Compare scores with friends on all Sporcle quizzes.
OR
Log In

Show Comments

Extras

Top Quizzes Today


Score Distribution

Your Account Isn't Verified!

In order to create a playlist on Sporcle, you need to verify the email address you used during registration. Go to your Sporcle Settings to finish the process.

Report this User

Report this user for behavior that violates our Community Guidelines.

Details: